| 000 | 00796na a2200241 4500 | ||
|---|---|---|---|
| 001 | 12814 | ||
| 003 | MIRAKIL | ||
| 005 | 20181213155001.0 | ||
| 008 | 160922b tu 000 0 | ||
| 035 | _a12814 | ||
| 040 |
_aMilas _btur _cTR-AnCHP |
||
| 082 |
_a297.64 _bE34i 2001 |
||
| 090 | _a297.6 E34i 2001 | ||
| 245 |
_aEhl-i Beyt ışığı _b1300 yılın sonunda gerçekleşen tarihi kucaklaşma _cyay. haz. Selahattin Ayyıldız, Mehtap Ayyıldız |
||
| 246 | _a1300 yılın sonunda gerçekleşen tarihi kucaklaşma | ||
| 260 |
_aİstanbul _bBuyruk medya basın yayıncılık _c2001 |
||
| 300 |
_a320 s. _bfotğ. _c24 sm. |
||
| 650 |
_aBektaşilik _xToplantılar |
||
| 650 |
_aAlevilik _xEhli Beyt |
||
| 700 | _aAyyıldız, Mehtap | ||
| 700 | _aAyyıldız, Selahattin | ||
| 942 |
_2ddc _cBKS |
||
| 999 |
_c4309 _d4309 |
||